| 000 | 01109nam a2200349 a 4500 | ||
|---|---|---|---|
| 001 | 000108128 | ||
| 003 | CHAP | ||
| 005 | 20220329143959.0 | ||
| 008 | 131206s2001 sp |r| |||0|||spa d | ||
| 010 | _a104590 | ||
| 011 | _a105562 | ||
| 020 | _a8497060016 | ||
| 040 | _cCHAP | ||
| 082 | 0 | 4 |
_a616.8527 _bG94 2001 |
| 245 | 0 | 1 |
_aGuía clínica para el tratamiento del trastorno depresivo mayor / _cpor American Psychiatric Association. |
| 250 | _a2 ed. | ||
| 260 |
_aBarcelona : _bPsiquiatría, _c2001. |
||
| 300 | _a102 p. | ||
| 490 | 0 | _aGuías clínicas | |
| 500 | _aincluye bibliografía | ||
| 534 | _pTít. original : Practice guideline for the treatment of patients wirb major depressive disorder | ||
| 590 |
_aBATCH-UPD _b05 _c20131206 _lUCH01 _h1134 |
||
| 590 |
_aE11695DGD _b10 _c20131206 _lUCH01 _h1419 |
||
| 590 |
_aE5652GLJ _b05 _c20131206 _lUCH01 _h1133 |
||
| 650 | 1 | 4 |
_aDepresión mental. _9124973 |
| 650 | 1 | 4 |
_aTrastorno bipolar. _9124912 |
| 710 | 1 |
_aAmerican Psychiatric Association _9124960 |
|
| 830 | 0 |
_aGuías clínicas _9124967 |
|
| 901 | _aBK | ||
| 942 | _cLIBRO | ||
| 942 | _n0 | ||
| 999 |
_c104590 _d104590 |
||